All Mario Kart Items - Statistics

General Stats
  • This quiz has been taken 41 times
  • The average score is 20 of 41
Answer Stats
First Game Item % Correct
Mario Kart World Green Shell
91%
Super Mario Kart Red Shell
88%
Super Mario Kart Mushroom
84%
Super Mario Kart Banana
81%
Super Mario Kart Boo
78%
Mario Kart 64 Golden Mushroom
75%
Mario Kart DS Bullet Bill
72%
Super Mario Kart Coin
72%
Mario Kart 7 Fire Flower
66%
Super Mario Kart Lightning
66%
Super Mario Kart Feather
56%
Mario Kart Wii Mega Mushroom
56%
Mario Kart 64 Spiny Shell
56%
Mario Kart DS Blooper
53%
Mario Kart: Double Dash!! Bowser Shell
50%
Mario Kart 64 Bob-omb
47%
Mario Kart: Double Dash!! Chain Chomp
47%
Mario Kart: Double Dash!! Fireball
47%
Mario Kart World Ice Flower
47%
Mario Kart Wii Thunder Cloud
47%
Mario Kart 8 Crazy 8
44%
Mario Kart Wii POW Block
44%
Mario Kart 8 Boomerang Flower
41%
Mario Kart: Double Dash!! Giant Banana
41%
Mario Kart 8 Piranha Plant
41%
Mario Kart 64 Fake Item Box
38%
Mario Kart World Coin Shell
34%
Mario Kart: Double Dash!! Heart
34%
Mario Kart 7 Lucky 7
34%
Mario Kart 64 Triple Bananas
34%
Mario Kart 64 Triple Green Shells
34%
Mario Kart 64 Triple Mushrooms
34%
Mario Kart: Double Dash!! Yoshi Egg
34%
Mario Kart World Kamek
31%
Mario Kart 64 Triple Red Shells
31%
Mario Kart 8 Super Horn
28%
Mario Kart World ? Block
25%
Mario Kart World Hammer
22%
Mario Kart 7 Super Leaf
22%
Super Mario Kart Starman
19%
Mario Kart World Dash Food
9%
No matching quizzes found
Score Distribution
Percent of People with Each Score
Percentile by Number Answered
Your Score History
You have not taken this quiz